| 000 | 00492nam a2200169 i 4500 | ||
|---|---|---|---|
| 001 | 125631 | ||
| 003 | ES-MaACL | ||
| 005 | 20230906192653.0 | ||
| 007 | t| | ||
| 008 | 070621s1959 sp ||||1| spa d | ||
| 100 | 1 |
_aZilahy, Lajos. _9118252 |
|
| 245 | 1 | 4 |
_aLos Dukay / _cLajos Zilahy ; [versión castellana de Manuel Bosch Barret]. |
| 260 |
_aBarcelona : _bG.P., _c1959. |
||
| 300 |
_a452 p. ; _c18 cm. |
||
| 700 | 1 |
_aBosch Barrett, Manuel. _930649 |
|
| 852 |
_aES-MaACL _jC-17064 _bR.45455 |
||
| 999 |
_c125631 _d125631 |
||